Schaum's outline of theory and problems of engineering mechanics (Record no. 5077)

000 -LEADER
fixed length control field 00658nam a22002297a 4500
001 - CONTROL NUMBER
control field 5077
003 - CONTROL NUMBER IDENTIFIER
control field BD-DhUET
008 - FIXED-LENGTH DATA ELEMENTS--GENERAL INFORMATION
fixed length control field 141124b xxu||||| |||| 00| 0 eng d
020 ## - INTERNATIONAL STANDARD BOOK NUMBER
International Standard Book Number 070448124
040 ## - CATALOGING SOURCE
Original cataloging agency DLC
Transcribing agency DLC
Modifying agency BD-DhUET
082 ## - DEWEY DECIMAL CLASSIFICATION NUMBER
Classification number 620.1
Item number MCL/1962
100 ## - MAIN ENTRY--PERSONAL NAME
Personal name Mclean, W.G.
245 ## - TITLE STATEMENT
Title Schaum's outline of theory and problems of engineering mechanics
Statement of responsibility, etc. by W. G. Mclean and E. W. Nelson
Remainder of title statics and dynamics
250 ## - EDITION STATEMENT
Edition statement 2nd ed.
260 ## - PUBLICATION, DISTRIBUTION, ETC. (IMPRINT)
Place of publication, distribution, etc. New York
Name of publisher, distributor, etc. McGraw-Hill
Date of publication, distribution, etc. 1962
300 ## - PHYSICAL DESCRIPTION
Extent 355p.
490 ## - SERIES STATEMENT
Series statement Schaum's outline series
504 ## - BIBLIOGRAPHY, ETC. NOTE
Bibliography, etc Includes bibliographies
650 #0 - SUBJECT ADDED ENTRY--TOPICAL TERM
Topical term or geographic name as entry element Mechanics, Applied
700 ## - ADDED ENTRY--PERSONAL NAME
Personal name Nelson, E.W.
942 ## - ADDED ENTRY ELEMENTS (KOHA)
Koha item type General Book
Holdings
Koha full call number Source of classification or shelving scheme Location (home branch) Koha item type Shelving location Lost status Koha date last seen Piece designation (barcode) Koha normalized classification for sorting Damaged status Not for loan Sublocation or collection (holding branch) Price effective from Date acquired Copy number Withdrawn status
620.1/MCL/1962 Central Library, BUETGeneral BookCirculation section 2014-11-2466183620_000000000000000_1MCL1962  Central Library, BUET2014-11-242014-11-241 
620.1/MCL/1962 Central Library, BUETGeneral BookCirculation section 2015-04-2711047620_100000000000000_MCL_1962  Central Library, BUET2015-04-272015-04-272 
620.1/MCL/1962 Central Library, BUETGeneral BookCirculation section 2015-07-0511045620_100000000000000_MCL_1962  Central Library, BUET2015-07-052015-07-053